000 00218nam a22000857a 4500
999 _c11097
_d11097
008 180827b ||||| |||| 00| 0 eng d
100 _aGeorge Anish
_96863
245 _aAmazing English
260 _aKerala
_bAjanta Press
_c2011